000 00813cam a2200253 a 4500
005 20260322212024.0
008 data
010 _a 98216117
020 _a006091565X
020 _a9780060915650
040 _aDLC
_cDLC
_dDLC
050 0 0 _aBF575.A5
_bL47 1986
092 _a152.4 L47 1986
100 1 _aLerner, Harriet Goldhor.
245 1 4 _aThe dance of anger :
_ba woman's guide to changing the patterns of intimate relationships /
_cHarriet Goldhor Lerner.
260 _aNew York :
_bPerennial Library,
_c1986
_g(1989 printing)
300 _axii, 239 p. :
_bill. ;
_c21 cm.
500 _aIncludes index.
650 0 _aAnger.
650 0 _aInterpersonal relations.
650 0 _aWomen
_xPsychology.
856 4 2 _3Publisher description
_uhttp://www.loc.gov/catdir/description/hc042/98216117.html
001 data
999 _c537
_d537